Najúčinnejším liekom pre zdravotníctvo by boli peniaze Ekonomická situácia zdravotníctva

Otvorená i skrytá zadlženosť zdravotníctva, nedostatočné prostriedky vyčlenené zo štátneho rozpočtu na jeho financovanie. Národná poisťovňa ohrozená neplnením povinností štátu, nevyjasnený vzťah poisťovne a fondu zdravotného poistenia k štátu. Poplatky pacienta za lieky a služby sa rozširujú. Distri...

ver descrição completa

Na minha lista:
Detalhes bibliográficos
Autor principal: Lechnický, Milan
Formato: Capítulo de Livro
Idioma:eslovaco
Assuntos:
Tags: Adicionar Tag
Sem tags, seja o primeiro a adicionar uma tag!

MARC

LEADER 00000naa a2200000 4500
001 r000993
005 20221214064915.3
041 0 |a slo 
044 |a SK 
245 1 0 |a Najúčinnejším liekom pre zdravotníctvo by boli peniaze  |b Ekonomická situácia zdravotníctva  |c M. Lechnický 
520 |a Otvorená i skrytá zadlženosť zdravotníctva, nedostatočné prostriedky vyčlenené zo štátneho rozpočtu na jeho financovanie. Národná poisťovňa ohrozená neplnením povinností štátu, nevyjasnený vzťah poisťovne a fondu zdravotného poistenia k štátu. Poplatky pacienta za lieky a služby sa rozširujú. Distribútori liekov, trh s liekmi. Problémy privatizácie v zdravotníctve. 
610 2 0 |a zdravotníctvo 
610 2 0 |a Slovensko 
610 2 0 |a zadlženosť 
610 2 0 |a financovanie 
610 2 0 |a 1994 
610 2 0 |a fond poistenia zdravotného 
610 2 0 |a Národná poisťovňa Bratislava 
610 2 0 |a poplatky 
610 2 0 |a liečivá 
610 2 0 |a privatizácia 
100 1 |a Lechnický, Milan